00349nam a2200133Ia 4500008004100000041000800041082001300049100002000062245004800082260001700130300001200147650002800159650002800187210719s2012 xx 000 0 und d aeng a337 MAHI aMAHTANEY (Piya) aInclusive globalization the next transition aMumbaic2012 a112bPB aInternational Economics aInternational Economics